God`s Spiritual Creation(treatise on the First of Genesis) (Record no. 1072)

MARC details
000 -LEADER
fixed length control field 00638nam a2200241 a 4500
020 ## - INTERNATIONAL STANDARD BOOK NUMBER
ISBN
082 00 - DEWEY DECIMAL CLASSIFICATION NUMBER
Classification number 233
Author Cutter MEG
100 ## - MAIN ENTRY--AUTHOR NAME
Author name Megiddo Mission Church,
245 ## - TITLE STATEMENT
Title God`s Spiritual Creation(treatise on the First of Genesis)
260 ## - PUBLICATION, DISTRIBUTION, ETC. (IMPRINT)
Place of publication New York
Name of publisher Megiddo Mission Church
Year of publication 1971
300 ## - PHYSICAL DESCRIPTION
Number of Pages 87p
500 ## - GENERAL NOTE
General note includes index and biblioraphy
505 2# - FORMATTED CONTENTS NOTE
Formatted contents note Arabic-Urdu
650 ## - SUBJECT ADDED ENTRY--TOPICAL TERM
Topical Term Man-Christian Theology
942 ## - ADDED ENTRY ELEMENTS (KOHA)
Koha item type Books
700 1# -
-- Megiddo Mission Church,
Holdings
Collection code Home library Current library Date acquired Cost, normal purchase price Full call number Accession Number Koha item type
  Henry Martyn Institute Library Henry Martyn Institute Library 06/20/2007 100.00 233 MEG 00142 Books
                   Copyright © 2026 | Henry Martyn Institute | Hyderabad | TS-500052 | INDIA | Implemented by hmi.edu.in
Hit-Count:

Powered by Koha